The Necessity of systematic theology / (Record no. 10782)

MARC details
000 -LEADER
fixed length control field 01322nam a2200277Ia 4500
001 - CONTROL NUMBER
control field 10412074
003 - CONTROL NUMBER IDENTIFIER
control field OCoLC
005 - DATE AND TIME OF LATEST TRANSACTION
control field 20210304151214.0
008 - FIXED-LENGTH DATA ELEMENTS--GENERAL INFORMATION
fixed length control field 840214s1978 miu b 000 0 eng d
020 ## - INTERNATIONAL STANDARD BOOK NUMBER
International Standard Book Number 0801029031 (pbk.) :
035 ## - SYSTEM CONTROL NUMBER
System control number .b10852888
040 ## - CATALOGING SOURCE
Original cataloging agency MCB
Transcribing agency MCB
Modifying agency MZN
-- OCoLC
050 ## - LIBRARY OF CONGRESS CALL NUMBER
Item number J45N
082 ## - DEWEY DECIMAL CLASSIFICATION NUMBER
Item number J45N
090 ## - LOCALLY ASSIGNED LC-TYPE CALL NUMBER (OCLC); LOCAL CALL NUMBER (RLIN)
Classification number (OCLC) (R) ; Classification number, CALL (RLIN) (NR) BT45
Local cutter number (OCLC) ; Book number/undivided call number, CALL (RLIN) J45N
245 04 - TITLE STATEMENT
Title The Necessity of systematic theology /
Statement of responsibility, etc. John Jefferson Davis, editor
250 ## - EDITION STATEMENT
Edition statement 2nd ed
260 ## - PUBLICATION, DISTRIBUTION, ETC.
Place of publication, distribution, etc. Grand Rapids :
Name of publisher, distributor, etc. Baker Book House,
Date of publication, distribution, etc. c1978
300 ## - PHYSICAL DESCRIPTION
Extent x, 190 p. ;
Dimensions 22 cm
504 ## - BIBLIOGRAPHY, ETC. NOTE
Bibliography, etc. note Includes bibliographical references
505 0# - FORMATTED CONTENTS NOTE
Formatted contents note The Screwtape letters, letter 1 / C.S. Lewis -- Right now counts forever / R.C. Sproul -- Everyman must be a theologian / John H. Gerstner --Creed or chaos? / Dorothy L. Sayers -- The minister as teacher / Kenneth F.W. Prior -- Doing theology for the church / Robert L. Saucy -- The necessity for dogmatics / Emil Brunner -- Nature and character of theology / Francis Pieper -- The importance of Christian knowledge / Jonathan Edwards -- The idea of systematic theology / B.B. Warfield -- Contextualization and the nature of theology / John Jefferson Davis
650 #0 - SUBJECT ADDED ENTRY--TOPICAL TERM
Topical term or geographic name entry element Philosophical theology
650 #0 - SUBJECT ADDED ENTRY--TOPICAL TERM
Topical term or geographic name entry element Theology, Doctrinal
Form subdivision Introductions
700 1# - ADDED ENTRY--PERSONAL NAME
Personal name Davis, John Jefferson
942 ## - ADDED ENTRY ELEMENTS (KOHA)
Source of classification or shelving scheme Dewey Decimal Classification
Koha item type Books
Holdings
Withdrawn status Lost status Source of classification or shelving scheme Damaged status Not for loan Collection code Home library Current library Shelving location Date acquired Total Checkouts Full call number Barcode Date last seen Price effective from Koha item type
    Dewey Decimal Classification     Non-fiction Harvest Mission College Harvest Mission College General Stacks 05.03.2021   230 D261N 012610 03.08.2021 03.08.2021 Books

OPAC Designed and Maintained by HMC Library Team.
Copyright © HMC Library,Greater Noida, UP.
For any Suggestions/Query Contact library via Email:libhmc@gmail.com